<?xml version="1.0" encoding="UTF-8"?>
<record
    xmlns:xsi="http://www.w3.org/2001/XMLSchema-instance"
    xsi:schemaLocation="http://www.loc.gov/MARC21/slim http://www.loc.gov/standards/marcxml/schema/MARC21slim.xsd"
    xmlns="http://www.loc.gov/MARC21/slim">

  <leader>02355agaaa2200325   4500</leader>
  <controlfield tag="001">8020</controlfield>
  <controlfield tag="003">IT-RoPAU</controlfield>
  <controlfield tag="005">20220918181230.0</controlfield>
  <controlfield tag="007">d cvaizq</controlfield>
  <controlfield tag="008">50131s9999||||xx ||| |     ||   ||und||</controlfield>
  <datafield tag="040" ind1=" " ind2=" ">
    <subfield code="a">IT-RoPAU</subfield>
    <subfield code="c">IT-RoPAU</subfield>
  </datafield>
  <datafield tag="041" ind1=" " ind2=" ">
    <subfield code="a">ITALIANO</subfield>
  </datafield>
  <datafield tag="100" ind1=" " ind2=" ">
    <subfield code="a">Oldoini Enrico</subfield>
    <subfield code="g">Codice regista SPICS: 3092</subfield>
    <subfield code="9">40127</subfield>
  </datafield>
  <datafield tag="130" ind1=" " ind2=" ">
    <subfield code="a">DON MATTEO - PRIMA STAGIONE</subfield>
    <subfield code="9">40128</subfield>
  </datafield>
  <datafield tag="245" ind1=" " ind2=" ">
    <subfield code="a">DON MATTEO - PRIMA STAGIONE</subfield>
    <subfield code="c">Prodotto da: Jacchia A -- Sceneggiatura: Bencivenni Alessandro Saverni Domenico -- Diretto da: Oldoini Enrico</subfield>
    <subfield code="p">DON MATTEO - PRIMA STAGIONE (Rif. Codice opera principale : H8020)</subfield>
  </datafield>
  <datafield tag="250" ind1=" " ind2=" ">
    <subfield code="a">Edizione Standard</subfield>
  </datafield>
  <datafield tag="260" ind1=" " ind2=" ">
    <subfield code="a">(ITALIA)</subfield>
    <subfield code="b">LUX VIDE - RAI FICTION / Distribuzione: MULTIMEDIA SAN PAOLO</subfield>
    <subfield code="g">"2000 (1&#xB0; ed.: 2007 ; Ed. Lingua Orig.: 2000)"</subfield>
  </datafield>
  <datafield tag="300" ind1=" " ind2=" ">
    <subfield code="a">DVD</subfield>
    <subfield code="b">sonoro, col.</subfield>
    <subfield code="c">800 minuti</subfield>
  </datafield>
  <datafield tag="508" ind1=" " ind2=" ">
    <subfield code="a">"Fotografia: Lucci Fabrizio; Montaggio: Crociani Raimondo; Musica: Donaggio Pino; Sceneggiatura: Bencivenni Alessandro Saverni Domenico; Scenografia: Rizzato Marisa; Soggetto: Bencivenni Alessandro -- Saverni Domenico"</subfield>
  </datafield>
  <datafield tag="511" ind1=" " ind2=" ">
    <subfield code="a">"Hill Terence; Insinna Flavio; Frassica Nino; Guelta' Natalie; Gori Evelin"</subfield>
  </datafield>
  <datafield tag="520" ind1=" " ind2=" ">
    <subfield code="a">"COFANETTO CONTENENTE 4 DVD CON GLI EPISODI DELLA PRIMA SERIE DELLA FORTUNATA FICTION DELLA RAI. EPISODI: LO STRANIERO; UNA BANALE OPERAZIONE; IL CORAGGIO DI PARLARE; LA MELA MARCIA; LA ROSA ANTICA; ANNA; AMORE SENZA FINE; QUESTIONE DI FIUTO; L'ATTORE; IL RICATTO; LA STRATEGIA DELLO SCORPIONE; STATODI EBBREZZA; IL PICCOLO ANGELO; IN ATTESA DI GIUDIZIO; L'ASTA DI BENEFICIENZA; DELITTO ACCADEMICO. DETECTIVE AL SERVIZI DI DIO: QUESTO E' DON MATTEO,NON UN SACERDOTE QUALUNQUE MA UN EX MISSIONARIO DAL TALENTO UN PO' SPECIALE. INFATTI POSSIEDE UNO STRAORDINARIO INTUITO CHE, UNITO ALLA SUA PROFONDA CONOSCENZA DELL'ANIMO UMANO, FA SI CHE SI ORIENTI CON SUCCESSO ANCHE NEI PIU' TORTUOSI MEANDRI DEL DELITTO..."</subfield>
  </datafield>
  <datafield tag="538" ind1=" " ind2=" ">
    <subfield code="a">PAL, STEREO</subfield>
  </datafield>
  <datafield tag="546" ind1=" " ind2=" ">
    <subfield code="a">ITALIANO</subfield>
  </datafield>
  <datafield tag="650" ind1=" " ind2=" ">
    <subfield code="a">COMMEDIA - GIALLO</subfield>
    <subfield code="e">DVD-FILM [DVD]</subfield>
    <subfield code="x">Codice MATERIA SPICS: 9947</subfield>
    <subfield code="9">40129</subfield>
  </datafield>
  <datafield tag="700" ind1=" " ind2=" ">
    <subfield code="a">Bencivenni Alessandro </subfield>
    <subfield code="e">(soggetto)</subfield>
    <subfield code="g">Codice Soggetto SPICS: 11783</subfield>
    <subfield code="9">40130</subfield>
  </datafield>
  <datafield tag="700" ind1=" " ind2=" ">
    <subfield code="a">Donaggio Pino</subfield>
    <subfield code="e">(musica)</subfield>
    <subfield code="g">Codice Musica SPICS: 13658</subfield>
    <subfield code="9">40131</subfield>
  </datafield>
  <datafield tag="700" ind1=" " ind2=" ">
    <subfield code="a">Oldoini Enrico </subfield>
    <subfield code="e">(regista)</subfield>
    <subfield code="g">Codice regista SPICS: 3092</subfield>
    <subfield code="9">40132</subfield>
  </datafield>
  <datafield tag="700" ind1=" " ind2=" ">
    <subfield code="a">Saverni Domenico </subfield>
    <subfield code="e">(soggetto)</subfield>
    <subfield code="g">Codice Soggetto 2&#xB0; SPICS: 58073</subfield>
    <subfield code="9">40133</subfield>
  </datafield>
  <datafield tag="942" ind1=" " ind2=" ">
    <subfield code="c">DV</subfield>
    <subfield code="2">ddc</subfield>
  </datafield>
  <datafield tag="999" ind1=" " ind2=" ">
    <subfield code="c">105215</subfield>
    <subfield code="d">105215</subfield>
  </datafield>
  <datafield tag="952" ind1=" " ind2=" ">
    <subfield code="0">0</subfield>
    <subfield code="1">0</subfield>
    <subfield code="4">0</subfield>
    <subfield code="6">H_8020_000000000000000</subfield>
    <subfield code="7">1</subfield>
    <subfield code="a">SPICS</subfield>
    <subfield code="b">SPICS</subfield>
    <subfield code="d">2015-01-31</subfield>
    <subfield code="l">0</subfield>
    <subfield code="o">H8020</subfield>
    <subfield code="r">2015-01-31 00:00:00</subfield>
    <subfield code="w">2015-01-31</subfield>
    <subfield code="y">DV</subfield>
    <subfield code="z">Progr. Ins.: 3670 / N.Vol.:4 / Copie: 1 / Pag.:0 / Copia rara: n.d. / date import: 1.2.2015 / By Epidotti, Trombetti, Vaglietti</subfield>
  </datafield>
</record>
